LIBRARY ONLINE CATALOGUE

Soth Asia Bible Commentary/ by (Record no. 20530)

MARC details
000 -LEADER
fixed length control field 00513nam a22001337a 4500
008 - FIXED-LENGTH DATA ELEMENTS--GENERAL INFORMATION
fixed length control field 241015b |||||||| |||| 00| 0 eng d
020 ## - INTERNATIONAL STANDARD BOOK NUMBER
International Standard Book Number 9788192464787
050 ## - LIBRARY OF CONGRESS CALL NUMBER
Classification number REF BS491.3
Item number .S67
245 ## - TITLE STATEMENT
Title Soth Asia Bible Commentary/ by
Statement of responsibility, etc. General editor Brian Wintle & Theological editorsJacob Cherian, Finny Philip, Havilah Dharamraj, Jesudason Baskar Jeyaraj, Paul Swarup
260 ## - PUBLICATION, DISTRIBUTION, ETC. (IMPRINT)
Place of publication, distribution, etc. Rajasthan, India
Name of publisher, distributor, etc. Open Door Pvt, Ltd
Date of publication, distribution, etc. 2015
300 ## - PHYSICAL DESCRIPTION
Extent xv, 1806p.
650 ## - SUBJECT ADDED ENTRY--TOPICAL TERM
Source of heading or term Bible
Form subdivision Commentaries
Geographic subdivision Soth Asia
942 ## - ADDED ENTRY ELEMENTS (KOHA)
Source of classification or shelving scheme Library of Congress Classification
Koha item type Reference
Holdings
Withdrawn status Lost status Source of classification or shelving scheme Not for loan Home library Current library Date acquired Inventory number Total Checkouts Full call number Barcode Date last seen Copy number Price effective from Koha item type
    Library of Congress Classification   Kabarak, Main Campus Kabarak, Main Campus 15/10/2024 2021/0666   REF BS491.3 .S67 2015 C.1 33672 15/10/2024 C.1 15/10/2024 Reference
    Library of Congress Classification   Kabarak, Main Campus Kabarak, Main Campus 15/10/2024 2021/0667   REF BS491.3 .S67 2015 C.2 33673 15/10/2024 C.2 15/10/2024 Reference